The architecture of matter : Galileo to Kant /

Bibliographic Details
Main Author: Holden, Thomas Anand
Format: Book
Language:English
Published: Oxford : New York : Clarendon Press ; Oxford University Press, 2004.
Subjects:

MARC

Tag First Indicator Second Indicator Subfields
LEADER 00000cam a2200000 a 4500
001 in00002017585
005 20151031154921.0
008 040514s2004 enk b 001 0 eng
020 |a 0199263264 
035 |a (OCoLC)ocm56463923 
040 |a UKM  |c UKM  |d C#P  |d TXA  |d UtOrBLW 
049 |a TXAM 
082 0 0 |a 501  |2 22 
090 |a Q174.8  |b .H65 2004 
100 1 |a Holden, Thomas Anand. 
245 1 4 |a The architecture of matter :  |b Galileo to Kant /  |c Thomas Holden. 
264 1 |a Oxford :  |b Clarendon Press ;  |a New York :  |b Oxford University Press,  |c 2004. 
300 |a x, 305 pages ;  |c 24 cm. 
336 |a text  |b txt  |2 rdacontent 
337 |a unmediated  |b n  |2 rdamedia 
338 |a volume  |b nc  |2 rdacarrier 
504 |a Includes bibliographical references (pages [280]-293) and index. 
650 0 |a Science  |x Philosophy  |x History. 
650 0 |a Matter  |v Constitution  |x History. 
948 |a cataloged  |b h  |c 2004/12/22  |d c  |e dmitchel  |f 8:50:40 am 
994 |a E0  |b TXA 
999 |a MARS 
999 f f |s 2dcb0663-28b2-34be-875c-6287138c448c  |i 033a76ff-9ee4-3c1d-a8e9-db64987ce39b  |t 0 
952 f f |p ric  |a Texas A&M University  |b Rellis Campus  |c Joint Library Facility  |d Remote Storage  |t 0  |e Q174.8 .H65 2004  |h Library of Congress classification  |i unmediated -- volume  |m A14831643642 
998 f f |a Q174.8 .H65 2004  |t 0  |l Remote Storage